Quizzes
Events
Quiz Creation
Community
Videos
Private Events
Remove Ads
Sign In
Join for FREE
Feedback
Dark Mode
Quiz Categories
Sports
Geography
Music
Movies
Television
Just For Fun
Miscellaneous
History
Literature
Language
Science
Gaming
Entertainment
Religion
Holiday
For Kids
Quiz Lab
Recent
Popular Today
Quiz Kudos Today
Editor Picks
Curator Picks
Quizzes by...
Day
Popularity
Type
Ratings
Length
Year
Community
Subscriptions
Recent Discussions
Orange Saloon
Badges
Playlists
Quests
Create
Leaderboards
Showdown
Live 5
Trivia Bingo
Activity
Puzzle Library
Sporcle Events
Private Events
Virtual Trivia
Globe League
Become a Host
Pub Owners
SporcleCon
Opinionation
Our Games
Videos
Blog
Mobile Apps
Partnerships
Remove Ads and Go Orange
Feedback
Miscellaneous
Crossword
General Knowledge
Baby Names
Logo
Food
Cars
Numbers
Grab Bag
University
College
Popular
Company
Slogans
Restaurants
Justice
Letter
Miscellaneous
Crossword
General Knowledge
Baby Names
Logo
Food
Cars
Numbers
Grab Bag
University
College
Popular
Company
Slogans
Restaurants
Justice
Letter
Random Quiz
Search Sporcle
×
Quiz Lab
Quiz Lab
Miscellaneous
Monsters Monsters
Type in answers that appear in a list
Type in answers that appear in a list
Classic
Best Score? Go Orange.
Monsters Stats
Can you name the monsters?
By
bwross
10m
57 Questions
132 Plays
132 Plays
132 Plays
Comments
Comments
Give Quiz Kudos
Give Quiz Kudos
-
- Ratings
hide this ad
More Info
Replay
Link that replays current quiz
Next Quiz
Link to next quiz in quiz playlist
You Got
0%
They Got
Avg Score
43%
Avg Friend Score
Upgrade to see
Score Distribution
Jump to the score distribution portion of the page
Score
0/57
Timer
10:00
0
Plays Today
Grouping
Monster
% Correct
Mythological
Cerberus
78.8%
Undead
Zombie
78.8%
Undead
Vampire
77.3%
Legendary
Yeti
69.7%
Legendary
Nessie
68.9%
Undead
Ghost
67.4%
Demons
Lucifer
67.4%
Legendary
Bigfoot
67.4%
Mythological
Gorgon
65.2%
Mythological
Phoenix
63.6%
Mythological
Centaur
63.6%
Undead
Mummy
62.9%
Undead
Banshee
62.9%
Mythological
Cyclops
62.1%
Mythological
Hydra
61.4%
Mythological
Siren
60.6%
Mythological
Dragon
57.6%
Mythological
Minotaur
56.1%
Legendary
Chupacabra
56.1%
Mythological
Kraken
56.1%
Mythological
Werewolf
54.5%
Mythological
Harpy
53.8%
Demons
Succubus
52.3%
Mythological
Sphinx
52.3%
Demons
Incubus
48.5%
Mythological
Leviathan
45.5%
Mythological
Troll
45.5%
Legendary
Golem
44.7%
Mythological
Unicorn
43.9%
Grouping
Monster
% Correct
Mythological
Basilisk
42.4%
Fantasy
Giant
41.7%
Undead
Frankenstein's Monster
40.9%
Mythological
Scylla
40.2%
Fantasy
Goblin
37.1%
Fantasy
Ogre
34.1%
Mythological
Chimera
32.6%
Mythological
Charybdis
32.6%
Demons
Oni
32.6%
Legendary
Wendigo
32.6%
Mythological
Griffin
32.6%
Demons
Jinn
30.3%
Demons
Imp
30.3%
Fantasy
Orc
29.5%
Undead
Skeleton
28.8%
Fantasy
Gargoyle
25%
Undead
Grim Reaper
25%
Mythological
Manticore
23.5%
Mythological
Cockatrice
21.2%
Fantasy
Slime
20.5%
Demons
Lilith
19.7%
Fantasy
Gremlin
19.7%
Demons
Naga
18.9%
Fantasy
Lich
18.2%
Legendary
Baba Yaga
17.4%
Demons
Beelzebub
14.4%
Undead
Will-o-the-Wisp
9.1%
Mythological
Wyvren
8.3%
Quiz Playlist
Details
Report
Send in Message
Add To Playlist
More Info:
Highly similar monsters are linked together to avoid hundreds of random hard to spell cases.
Classic:
Type in answers that appear in a list
Last Updated: Feb 16, 2017
Quiz Scoreboard
CHALLENGE
Sign Up to Join the Scoreboard
Show All
Scores
Hide
Comments
May contain spoilers
Recently Published
Alphabetical 'K' Countries by Flag Minefield
by ylime102
Geography
3m
Pick 6: Fruits
by JohnFran
Miscellaneous
15s
Click the 1999 NBA Draft
by nibperrychub
Sports
2m
More to Explore
Quiz From the Vault
Featured Blog Post
15 Basketball Trivia Facts You Can Be March Mad About
hide this ad
You Might Also Like...
Tags
Monsters Monsters
Mythological Creatures
Today's Top Quizzes in Miscellaneous
Browse Miscellaneous
hide this ad
Top Contributed Quizzes in Miscellaneous
1
Spring Months consonants
2
Pick 6: Vegetables
3
Pick 6: Supreme Pizza
4
Four Seasons
5
Pick 6: University Mascots
6
The JOE quick-fire general knowledge quiz: Day 166
7
Guess the 'S' Things in 3 Words
8
The JOE quick-fire general knowledge quiz: Day 165
9
Sporcle Acrostic Puzzle XXXV
10
Guess the 'T' Things in 3 Words
Explore More
Trending Topics
Kpop
Anime
Crossword
Marvel
NBA
Harry Potter
Disney
Pokémon
Soccer
NFL
Country
Song
WWE
Puzzle
The Office
hide this ad
More By:
bwross
Quiz
Plays
Rating
Category
Featured
Created
Song of Fire & Ice: Houses
295
4.33
Literature
Mar 2, 2012
Studio Ghibli Characters
257
1.00
Movies
Mar 2, 2012
Suikoden Recurring Characters
211
3.00
Gaming
Mar 5, 2012
Monsters
132
Miscellaneous
Mar 5, 2012
Go to Creator's Profile
Score Distribution
Quiz Creator Spotlight
bwross
Follow
Send a Message
Quizzes Created
-
Created Quiz Play Count
-
More By This Creator
Popular Quizzes Today
1
Countries of Asia Without Outlines Minefield
2
Find the US States - No Outlines Minefield
3
Pick 6: Fruits
4
Alphabetical 'K' Countries by Flag Minefield
5
The Countries of the World
6
Find the US States
7
US States
8
Match the Book to the Film X
More Miscellaneous Quizzes
Spot the Difference XXI
Published
Trending Quizzes
Pick 6: Mountains
Pick 6: Harry Potter
Pick 6: NFL Teams
Pick 6: Movie Franchises
Pick 6: Golfers
Recently Updated
NWSL Teams
pecheneg
Women's Final Four Teams by Year
bhenderson79
Presidents Quartet II
eogle
Anything But Clue(do)
eogle
Anything But Oceanian Capitals
eogle
Anything But 7
eogle
Anything But Thing
eogle
Word Ladder: February 29
pecheneg
Song Title Questions
pecheneg
Women's NCAA Tournament #1 Seeds
pecheneg
Trending Topics
NBA
Crossword
Kpop
Disney
Marvel
Harry Potter
Anime
Country
WWE
NFL
Song
Pokémon
Puzzle
Soccer
The Office
Your Account Isn't Verified!
In order to create a playlist on Sporcle, you need to verify the email address you used during registration. Go to your
Sporcle Settings
to finish the process.
Report this User
Report this user for behavior that violates our
Community Guidelines
.
Details:
Send Report
Go to the Sporcle.com Mobile Site →
Comments